Social work education in India (Record no. 1726399)

MARC details
000 -LEADER
fixed length control field 00522nam a22001937a 4500
005 - DATE AND TIME OF LATEST TRANSACTION
control field 20260323131717.0
008 - FIXED-LENGTH DATA ELEMENTS--GENERAL INFORMATION
fixed length control field 260323b |||||||| |||| 00| 0 eng d
037 ## - SOURCE OF ACQUISITION
Terms of availability DSWL
040 ## - CATALOGING SOURCE
Original cataloging agency DSWL
Transcribing agency DSWL
041 ## - LANGUAGE CODE
Language code of original eng
100 ## - MAIN ENTRY--PERSONAL NAME
Personal name Bhatt, Sanjai
245 ## - TITLE STATEMENT
Title Social work education in India
260 ## - PUBLICATION, DISTRIBUTION, ETC.
Place of publication, distribution, etc. New Delhi,
Name of publisher, distributor, etc. Alternotes Press,
Date of publication, distribution, etc. 2015
300 ## - PHYSICAL DESCRIPTION
Extent 380p
365 ## - TRADE PRICE
Price type code INR
Price amount 800
700 ## - ADDED ENTRY--PERSONAL NAME
Personal name Digvijay Phukan
9 (RLIN) 1132549
942 ## - ADDED ENTRY ELEMENTS (KOHA)
Source of classification or shelving scheme Colon Classification (CC)
Koha item type Textual
Suppress in OPAC No
Holdings
Withdrawn status Lost status Source of classification or shelving scheme Damaged status Not for loan Home library Current library Date acquired Source of acquisition Cost, normal purchase price Inventory number Total Checkouts Barcode Date last seen Price effective from Koha item type
    Colon Classification (CC)     Department of Social Work Library Department of Social Work Library 2017-03-08 Friends Publications 800.00 5488/08.03.17   SW0032194 2026-03-23 2026-03-23 Textual
Copyright @ Delhi University Library System